| 000 | 00441nam a2200157 a 4500 | ||
|---|---|---|---|
| 001 | 12612 | ||
| 005 | 20180713200906.0 | ||
| 008 | 140415s1994 000 0 spa d | ||
| 020 | _a9706120165 | ||
| 041 | _aspa | ||
| 082 |
_a306.8 _bMAT |
||
| 245 | 0 | 0 |
_aMATRIMONIO FAMILIA Y SEXUALIDAD : _bDOCTRINA ACTUAL DE LA IGLESIA |
| 260 |
_a[s.l.] : _bPAULINAS, _c1994 |
||
| 300 | _a838 | ||
| 650 | 1 | 4 |
_aFAMILIA _xMATRIMONIO _xSEXUALIDAD |
| 999 |
_c12612 _d12612 |
||